000 00295nam a22001217a 4500
020 _a13-520205-1
082 _a621.381 SHA'L
100 _aSHAPIRA, R. L
_978158
245 _aLABORATORY MANUAL FOR BASIC ELECTRONIC
260 _aNEWJERSCY
_bPRENTICE HALL
_c1971
300 _a168P
942 _cBK
999 _c583318
_d583318